| 000 | 00609nam a2200193 i 4500 | ||
|---|---|---|---|
| 001 | 172479 | ||
| 003 | ES-MaACL | ||
| 005 | 20230906214929.0 | ||
| 008 | 090709s1969 sw |||| | fre d | ||
| 080 | _a811.133.1'342(07) | ||
| 100 | 0 |
_aMalmberg, Bertil. _975832 |
|
| 245 | 1 | 0 |
_aPhonétique française / _cBertil Malmberg. |
| 260 |
_aMalmö : _bHermods, _c1969. |
||
| 300 |
_a194 p. : _bil. ; _c22 cm. |
||
| 500 | _aÍndice. | ||
| 504 | _aBibliografía : p. 171-174. | ||
| 650 | 4 |
_aLengua francesa- _xFonética. _9141023 |
|
| 852 |
_aES-MaACL _jE-12793 _9R.139466 _z.- Biblioteca Jacinto Martínez Lacalle |
||
| 999 |
_c172479 _d172479 |
||